[Event "British Columbia op"]
[Site "Richmond CAN"]
[Date "2023.02.19"]
[Round "4.5"]
[White "Lin, Leo"]
[Black "Yang, Brian"]
[Result "1-0"]
[WhiteElo "2245"]
[BlackElo "1985"]
[PlyCount "149"]
[EventDate "2023.02.18"]
[EventType "swiss"]
[EventRounds "6"]
[EventCountry "CAN"]

1. e4 c5 2. Nc3 e6 3. g3 Nc6 4. Bg2 Nf6 5. Nge2 d5 6. exd5 exd5 7. d4 cxd4 8.
Nxd4 Bg4 9. Qd3 Bb4 10. O-O O-O 11. Bg5 Bxc3 12. Qxc3 Ne4 13. Qxc6 Qxg5 14.
Qxb7 Rfb8 15. Qc6 Rc8 16. Qa6 Nc5 17. Qa3 Rab8 18. Qe3 Qxe3 19. fxe3 Rxb2 20.
Bxd5 Be6 21. Bb3 a5 22. Rab1 Rxb1 23. Rxb1 Nxb3 24. axb3 Bd5 25. Ra1 Ra8 26. c4
Be4 27. Kf2 Kf8 28. Ke2 Ke7 29. Kd2 Kd6 30. Kc3 Kc5 31. h4 h6 32. Rxa5+ Rxa5
33. b4+ Kb6 34. bxa5+ Kxa5 35. Nb3+ Kb6 36. Kd4 Bg2 37. c5+ Kc7 38. Na5 f6 39.
Nc4 Bh3 40. Nd6 Kd7 41. e4 h5 42. Nf5 g6 43. Ne3 Kc6 44. Nd5 f5 45. Ne7+ Kb5
46. Nxg6 fxe4 47. Kxe4 Kxc5 48. Nf4 Bg4 49. Ke5 Kc6 50. Kf6 Kd6 51. Kg5 Ke7 52.
Nxh5 Bd1 53. Nf4 Kf7 54. h5 Kg7 55. h6+ Kh7 56. Nd5 Kh8 57. Ne7 Kh7 58. Ng6 Be2
59. Ne7 Bd1 60. Nf5 Bc2 61. g4 Bd1 62. Kf4 Bc2 63. g5 Kg6 64. Nh4+ Kf7 65. Nf3
Kg6 66. Ne5+ Kh7 67. Ke3 Bb1 68. Kd4 Bc2 69. Kd5 Bb1 70. Ke6 Kg8 71. Kf6 Kh7
72. Nd7 Bc2 73. Nf8+ Kg8 74. g6 Kh8 75. g7+ 1-0

[Event "British Columbia op"]
[Site "Richmond CAN"]
[Date "2023.02.19"]
[Round "4.6"]
[White "Jiang, Kate"]
[Black "Yang, Jingyun (Ryan)"]
[Result "0-1"]
[WhiteElo "2026"]
[BlackElo "2214"]
[PlyCount "130"]
[EventDate "2023.02.18"]
[EventType "swiss"]
[EventRounds "6"]
[EventCountry "CAN"]

1. e4 Nf6 2. e5 Nd5 3. d4 d6 4. c4 Nb6 5. f4 dxe5 6. fxe5 Bf5 7. Nf3 e6 8. Nc3
Bb4 9. Be2 c5 10. Be3 cxd4 11. Bxd4 Nc6 12. Qd2 O-O 13. Be3 Qc7 14. a3 Rad8 15.
Qc1 Be7 16. Nb5 Qb8 17. Bxb6 axb6 18. Qe3 Bc5 19. Qc3 Bg4 20. b4 Bxf3 21. Bxf3
Bd4 22. Nxd4 Nxd4 23. O-O Qxe5 24. Kh1 Nxf3 25. Qxf3 Qc7 26. Rac1 h6 27. c5 Rd5
28. cxb6 Qxb6 29. Qc3 Qd4 30. Qxd4 Rxd4 31. Rc7 b5 32. Rb7 Rd5 33. Kg1 g5 34.
Rf6 h5 35. Kf1 Re5 36. Rf3 Kg7 37. Kf2 Kg6 38. h3 Rd5 39. Rc3 Ra8 40. Ke2 Re5+
41. Kf2 Rd8 42. g4 hxg4 43. hxg4 Rd4 44. Rf3 Rd2+ 45. Kf1 f5 46. gxf5+ exf5 47.
Rc3 f4 48. Rc5 Rxc5 49. bxc5 Ra2 50. Rxb5 Rxa3 51. Ke2 Kh5 52. Kd2 Ra4 53. Kd3
f3 54. c6 Ra3+ 55. Kd2 Ra2+ 56. Ke3 Kg4 57. Rc5 Re2+ 58. Kd3 Re8 59. c7 f2 60.
Rc1 Kf3 61. Kd4 g4 62. Kd5 Kg2 63. Rc2 Kg1 64. Re2 f1=Q 65. Rxe8 Qb5+ 0-1

[Event "British Columbia op"]
[Site "Richmond CAN"]
[Date "2023.02.19"]
[Round "4.7"]
[White "Moura, Eduardo"]
[Black "Cheng, Louis"]
[Result "1-0"]
[WhiteElo "2203"]
[BlackElo "1960"]
[PlyCount "73"]
[EventDate "2023.02.18"]
[EventType "swiss"]
[EventRounds "6"]
[EventCountry "CAN"]

1. e4 c5 2. c3 e6 3. d4 Nf6 4. e5 Nd5 5. Nf3 cxd4 6. cxd4 Bb4+ 7. Bd2 b6 8. Nc3
Bb7 9. Bd3 h6 10. O-O Nxc3 11. bxc3 Be7 12. Qe2 Nc6 13. h3 Rc8 14. Nh2 g6 15.
f4 Bh4 16. Ng4 Kf8 17. Kh2 h5 18. Ne3 d5 19. Rf3 Rc7 20. Raf1 Bc8 21. Kg1 Kg8
22. g4 hxg4 23. hxg4 g5 24. f5 Ne7 25. f6 Nc6 26. Ng2 Na5 27. Nxh4 gxh4 28. g5
Kf8 29. Rh3 Nc4 30. Be1 Ke8 31. Qg4 Kd7 32. Rxh4 Ne3 33. Bb5+ Rc6 34. Qh3 Rxh4
35. Qxh4 Nxf1 36. Qh7 Qf8 37. g6 1-0

[Event "British Columbia op"]
[Site "Richmond CAN"]
[Date "2023.02.19"]
[Round "4.8"]
[White "Leong, Aiden"]
[Black "Albitar, Hani"]
[Result "1/2-1/2"]
[WhiteElo "2013"]
[BlackElo "2190"]
[PlyCount "56"]
[EventDate "2023.02.18"]
[EventType "swiss"]
[EventRounds "6"]
[EventCountry "CAN"]

1. Nf3 d5 2. g3 Nf6 3. Bg2 c5 4. d4 cxd4 5. Nxd4 e5 6. Nb3 Be6 7. Bg5 Nbd7 8.
O-O Be7 9. a4 O-O 10. N1d2 h6 11. Bxf6 Nxf6 12. e3 Rc8 13. c3 a5 14. Qe2 Qc7
15. Qb5 b6 16. Rfc1 Rfd8 17. Bf1 Ne8 18. Qe2 Nd6 19. h4 Rd7 20. Kh2 Rcd8 21.
Bh3 f5 22. f4 Nc4 23. Nf3 g6 24. fxe5 Nxe5 25. Nbd4 Bf7 26. Rd1 Nxf3+ 27. Nxf3
Bd6 28. Qf2 h5 1/2-1/2

[Event "British Columbia op"]
[Site "Richmond CAN"]
[Date "2023.02.19"]
[Round "4.9"]
[White "Xu, Andrew"]
[Black "Song, Ethan"]
[Result "1-0"]
[WhiteElo "1936"]
[BlackElo "2129"]
[PlyCount "115"]
[EventDate "2023.02.18"]
[EventType "swiss"]
[EventRounds "6"]
[EventCountry "CAN"]

1. e4 e5 2. Nf3 Nc6 3. Bb5 a6 4. Ba4 Nf6 5. O-O b5 6. Bb3 Be7 7. Qe2 Bb7 8. c3
d5 9. exd5 Nxd5 10. d4 exd4 11. cxd4 O-O 12. Nc3 Nxc3 13. bxc3 b4 14. Qd3 bxc3
15. Bc2 g6 16. Qxc3 Nb4 17. Bb3 Nd5 18. Qc2 Rc8 19. Bh6 Re8 20. Ba4 c6 21. Rab1
Ba8 22. Qd3 Qa5 23. Bb3 Bf6 24. Bd2 Qc7 25. Qxa6 Bb7 26. Qd3 Ra8 27. Rfc1 Ba6
28. Bc4 Bxc4 29. Qxc4 Rec8 30. h3 Qa7 31. Rc2 Rc7 32. Ne5 Bxe5 33. dxe5 Re8 34.
Bc3 Nxc3 35. Qxc3 Re6 36. Qc5 Qa8 37. Rcb2 Rc8 38. a3 Qa4 39. Rb8 Ree8 40. Rxc8
Rxc8 41. Rc1 Qe4 42. Qd6 Re8 43. Qxc6 Qxe5 44. a4 Rd8 45. Qb5 Rd5 46. Qc4 h5
47. Qc8+ Kh7 48. Qb7 Qe6 49. Qc7 Rd7 50. Qc3 Rd5 51. a5 Qa6 52. Qc7 Rf5 53. g4
Qxa5 54. gxf5 Qxf5 55. Qg3 Kg7 56. Re1 Qd7 57. Kh2 Kh7 58. Qf4 1-0

[Event "British Columbia op"]
[Site "Richmond CAN"]
[Date "2023.02.19"]
[Round "4.10"]
[White "Leong, Ryan"]
[Black "Mohammed Qanee, Arpak Worya"]
[Result "0-1"]
[WhiteElo "1901"]
[BlackElo "2076"]
[PlyCount "144"]
[EventDate "2023.02.18"]
[EventType "swiss"]
[EventRounds "6"]
[EventCountry "CAN"]

1. Nf3 d5 2. d4 Bf5 3. e3 e6 4. Bd3 Bg6 5. c4 c6 6. Nc3 Nf6 7. O-O Nbd7 8. Re1
Bb4 9. Bxg6 hxg6 10. Qd3 Ne4 11. a3 Bxc3 12. bxc3 Qc7 13. h3 g5 14. Nd2 Ndf6
15. cxd5 exd5 16. c4 dxc4 17. Qxc4 O-O-O 18. Qc2 Rde8 19. Nxe4 Nxe4 20. Qe2 f5
21. f3 Ng3 22. Qf2 g4 23. fxg4 fxg4 24. e4 Ref8 25. Qa2 gxh3 26. Qe6+ Kb8 27.
gxh3 Nxe4 28. Qe5 Qxe5 29. dxe5 Nf2 30. Re2 Nxh3+ 31. Kg2 Kc8 32. e6 Nf4+ 33.
Bxf4 Rxf4 34. Rd1 Rf6 35. Kg3 Re8 36. Rde1 Re7 37. Kg4 Kc7 38. Kg5 b6 39. Re3
c5 40. Re4 Kc6 41. Kg4 b5 42. R4e2 c4 43. Re3 a6 44. Kg5 Kb6 45. Kg4 Ka5 46.
Kg5 Ka4 47. Kg4 a5 48. Kg5 Rf8 49. Rc1 Rf2 50. Rd1 c3 51. Rxc3 Rxe6 52. Rd4+ b4
53. axb4 axb4 54. Rc7 Rb6 55. Ra7+ Kb3 56. Rc7 Kb2 57. Kg4 Rc2 58. Rcd7 b3 59.
Kf3 g5 60. R7d5 Rf6+ 61. Ke3 Rc3+ 62. Ke2 Rc2+ 63. Ke3 Rc3+ 64. Ke2 Rf4 65. Rd1
Re4+ 66. Kf2 g4 67. Kg2 Re2+ 68. Kf1 Rec2 69. Ke1 g3 70. Rg5 g2 71. Rd2 Rxd2
72. Kxd2 Rc1 0-1

[Event "British Columbia op"]
[Site "Richmond CAN"]
[Date "2023.02.20"]
[Round "5.1"]
[White "Nunez Asencio, Jorge"]
[Black "Le, Quang Long"]
[Result "1-0"]
[WhiteElo "2303"]
[BlackElo "2463"]
[PlyCount "112"]
[EventDate "2023.02.18"]
[EventType "swiss"]
[EventRounds "6"]
[EventCountry "CAN"]

1. d4 g6 2. e4 Bg7 3. Nc3 d6 4. Be3 Nc6 5. Qd2 e5 6. Nge2 f5 7. exf5 Bxf5 8.
dxe5 Nxe5 9. Nd4 Ne7 10. O-O-O O-O 11. h4 h5 12. Bg5 Qd7 13. f4 N5c6 14. Bc4+
Kh8 15. Nxf5 Qxf5 16. Rde1 Qc5 17. Bb3 Nf5 18. g4 Nh6 19. gxh5 gxh5 20. Ne4 Qf5
21. Ng3 Qg4 22. Be6 Qxg3 23. Rh3 Qxe1+ 24. Qxe1 Ng4 25. Bxg4 hxg4 26. Re3 Nd4
27. h5 Nf3 28. Qg3 Rae8 29. Re7 Rxe7 30. Bxe7 Rg8 31. c3 Bh6 32. Kc2 Kh7 33.
Bf6 b6 34. a4 Bf8 35. Bg5 Nxg5 36. Qxg4 Bh6 37. Qf5+ Kh8 38. fxg5 Rxg5 39. Qc8+
Kh7 40. Qxc7+ Rg7 41. Qxd6 Bg5 42. b4 Bh4 43. Qe6 Bg5 44. c4 Bh6 45. c5 bxc5
46. bxc5 Bg5 47. Qd6 Bh4 48. h6 Rg6 49. Qd7+ Kxh6 50. c6 Bg3 51. c7 Bxc7 52.
Qxc7 a6 53. Kc3 Kg5 54. Kb4 Kf5 55. Qf7+ Rf6 56. Qxf6+ Kxf6 1-0

[Event "British Columbia op"]
[Site "Richmond CAN"]
[Date "2023.02.20"]
[Round "5.2"]
[White "Doknjas, John"]
[Black "MacKinnon, Keith"]
[Result "0-1"]
[WhiteElo "2341"]
[BlackElo "2307"]
[PlyCount "136"]
[EventDate "2023.02.18"]
[EventType "swiss"]
[EventRounds "6"]
[EventCountry "CAN"]

1. d4 Nf6 2. c4 e6 3. Nc3 Bb4 4. Qc2 O-O 5. e4 d6 6. e5 dxe5 7. dxe5 Nfd7 8.
Nf3 Nc6 9. Bf4 f5 10. O-O-O Qe7 11. a3 Bxc3 12. Qxc3 a5 13. h4 Nc5 14. Qe3 b6
15. h5 h6 16. Rh3 Bd7 17. Nh4 Be8 18. Be2 Rd8 19. Rxd8 Qxd8 20. Bxh6 gxh6 21.
Qxh6 Ne4 22. f3 Qd2+ 23. Qxd2 Nxd2 24. Kxd2 Nxe5 25. g4 Kg7 26. h6+ Kf6 27.
gxf5 exf5 28. Ng2 Bf7 29. Kc3 Rh8 30. Ne3 Kg5 31. Nd5 Bxd5 32. cxd5 Ng6 33. Bd3
Nf4 34. Rg3+ Kf6 35. Kd4 Rxh6 36. Rg8 Nxd3 37. Kxd3 Ke5 38. Rg7 Kxd5 39. Rxc7
Rh2 40. Kc3 Rf2 41. Rd7+ Ke5 42. Rd3 b5 43. Kb3 Re2 44. Rc3 Kd4 45. Rc8 Re3+
46. Kc2 Rxf3 47. Rd8+ Kc5 48. Rc8+ Kd6 49. Rd8+ Kc7 50. Rd5 Kc6 51. Re5 a4 52.
Kd2 f4 53. Rf5 Rb3 54. Rxf4 Rxb2+ 55. Kc3 Rb3+ 56. Kd4 Rxa3 57. Rf6+ Kb7 58.
Kc5 Rb3 59. Rf7+ Ka6 60. Rf8 a3 61. Rh8 b4 62. Kc4 Rb2 63. Rh6+ Ka5 64. Rh8 a2
65. Rh7 b3 66. Rh5+ Ka4 67. Rh8 Rc2+ 68. Kd3 Ka3 0-1

[Event "British Columbia op"]
[Site "Richmond CAN"]
[Date "2023.02.20"]
[Round "5.3"]
[White "Wu, Jonathan"]
[Black "Fuentebella, Mayo"]
[Result "0-1"]
[WhiteElo "2071"]
[BlackElo "2261"]
[PlyCount "79"]
[EventDate "2023.02.18"]
[EventType "swiss"]
[EventRounds "6"]
[EventCountry "CAN"]

1. d4 f5 2. Nc3 Nf6 3. Bf4 e6 4. g4 Bb4 5. Qd3 d6 6. Bg2 Bxc3+ 7. Qxc3 Nxg4 8.
Nf3 O-O 9. Qb3 Nc6 10. d5 exd5 11. Ng5 g6 12. Bxd5+ Kg7 13. Nf7 Qf6 14. h3 Rxf7
15. Bxf7 Nxf2 16. Kxf2 Qxf7 17. Qxf7+ Kxf7 18. c4 Be6 19. Rac1 b6 20. Rhd1 a5
21. h4 Rg8 22. Rg1 Ne5 23. Bxe5 dxe5 24. c5 b5 25. c6 Rb8 26. Rgd1 a4 27. Rc5
Kf6 28. a3 h6 29. Rh1 Bc4 30. Rd1 Be6 31. Rh1 Bb3 32. Rc3 Bc4 33. Rhc1 Rb6 34.
Rxc4 bxc4 35. Rxc4 Rxb2 36. Rxa4 Rb6 37. Rc4 Ke6 38. a4 Kd5 39. a5 Ra6 40. Ra4
0-1

[Event "British Columbia op"]
[Site "Richmond CAN"]
[Date "2023.02.20"]
[Round "5.4"]
[White "Lin, Leo"]
[Black "Zhu, Brandon"]
[Result "1/2-1/2"]
[WhiteElo "2245"]
[BlackElo "2047"]
[PlyCount "152"]
[EventDate "2023.02.18"]
[EventType "swiss"]
[EventRounds "6"]
[EventCountry "CAN"]

1. e4 c6 2. Nf3 d5 3. exd5 cxd5 4. Ne5 Nc6 5. d4 a6 6. c3 Nxe5 7. dxe5 e6 8.
Nd2 Bd7 9. a4 Qc7 10. Nf3 Bc5 11. Bd3 Ne7 12. O-O h6 13. Bf4 Ba7 14. Qe2 Qd8
15. Nd4 Ng6 16. Bg3 O-O 17. Kh1 Qe7 18. Qg4 Qg5 19. Qxg5 hxg5 20. Bxg6 Bxd4 21.
Bxf7+ Rxf7 22. cxd4 Rc8 23. b3 Be8 24. f3 Rfc7 25. Be1 Rc1 26. Bb4 Rxa1 27.
Rxa1 Rc2 28. Bc5 Bg6 29. h3 Rb2 30. b4 Kf7 31. Kh2 Bd3 32. Kg3 Kg6 33. Rd1 Bc4
34. a5 Rc2 35. Rh1 Kf7 36. h4 gxh4+ 37. Rxh4 Bf1 38. Rf4+ Kg6 39. Rg4+ Kf7 40.
Kh2 Bd3 41. Rf4+ Bf5 42. Rh4 Kg8 43. Kg1 Rc1+ 44. Kf2 Rc2+ 45. Kf1 Rc1+ 46. Kf2
Rc2+ 47. Kg3 Bd3 48. Rh1 Rb2 49. Rg1 Rb1 50. Rxb1 Bxb1 51. Kf4 Kf7 52. Kg5 g6
53. f4 Bc2 54. Kg4 Bd3 55. Kf3 Be4+ 56. Kf2 Bd3 57. Ke3 Bf1 58. g3 Bb5 59. Kf3
Bd3 60. b5 Bxb5 61. Ke3 Ba4 62. Kd2 Ke8 63. g4 Kd7 64. Bf8 Bb3 65. Bd6 Ba4 66.
Bc5 Bb3 67. Bf8 Ba4 68. Bh6 Kc6 69. Bg5 Kd7 70. Kc3 Bd1 71. f5 exf5 72. gxf5
gxf5 73. Kb4 Ke6 74. Kc5 Be2 75. Kb6 Bf1 76. Kxb7 Be2 1/2-1/2

[Event "British Columbia op"]
[Site "Richmond CAN"]
[Date "2023.02.20"]
[Round "5.5"]
[White "Yang, Jingyun (Ryan)"]
[Black "He, Matthew"]
[Result "1/2-1/2"]
[WhiteElo "2214"]
[BlackElo "1853"]
[PlyCount "69"]
[EventDate "2023.02.18"]
[EventType "swiss"]
[EventRounds "6"]
[EventCountry "CAN"]

1. e4 c6 2. Nf3 d5 3. Nc3 dxe4 4. Nxe4 Nf6 5. Nxf6+ exf6 6. Be2 Bd6 7. O-O O-O
8. d4 Be6 9. c4 c5 10. d5 Bg4 11. Be3 Nd7 12. Nd2 Bxe2 13. Qxe2 Qc7 14. f4 Rfe8
15. g3 f5 16. Qd3 Nf6 17. Bf2 Ne4 18. Rae1 Nxd2 19. Qxd2 Re4 20. Rxe4 fxe4 21.
Be3 f5 22. b3 g6 23. Qc3 b6 24. Qf6 Qe7 25. Qc3 Qg7 26. Qxg7+ Kxg7 27. Bd2 Re8
28. Kf2 Be7 29. Bc3+ Bf6 30. Bxf6+ Kxf6 31. Ke3 h5 32. h3 a6 33. Rg1 Rh8 34. a4
a5 35. h4 1/2-1/2

[Event "British Columbia op"]
[Site "Richmond CAN"]
[Date "2023.02.20"]
[Round "5.6"]
[White "Xu, Andrew"]
[Black "Moura, Eduardo"]
[Result "1/2-1/2"]
[WhiteElo "1936"]
[BlackElo "2203"]
[PlyCount "217"]
[EventDate "2023.02.18"]
[EventType "swiss"]
[EventRounds "6"]
[EventCountry "CAN"]

1. e4 d6 2. Nf3 g6 3. d4 Bg7 4. h3 Nf6 5. Bd3 O-O 6. O-O c5 7. c3 cxd4 8. cxd4
Nc6 9. Nc3 e5 10. dxe5 dxe5 11. Bg5 Be6 12. Qe2 Qa5 13. Bd2 h6 14. Rfd1 Nd4 15.
Nxd4 exd4 16. Nd5 Qd8 17. Bb4 Re8 18. Bb5 Nxd5 19. exd5 Bd7 20. Qf1 Bxb5 21.
Qxb5 a6 22. Qc4 b5 23. Qb3 a5 24. Bc5 a4 25. Qf3 Qh4 26. d6 Qe4 27. d7 Re6 28.
Bxd4 Qxf3 29. gxf3 Rd8 30. Bxg7 Kxg7 31. Rac1 Re7 32. Rc7 Kf6 33. Rb7 Re5 34.
Rd6+ Ke7 35. Rdb6 Rxd7 36. Rxb5 Rxb5 37. Rxb5 Rd2 38. Rb4 a3 39. bxa3 Rxa2 40.
Ra4 Kf6 41. Ra5 h5 42. Kg2 Ke6 43. Kg3 Kf6 44. Ra7 Ke6 45. Ra6+ Kf5 46. Ra7 Kf6
47. Ra8 Kf5 48. Ra4 Kf6 49. Rf4+ Ke6 50. Re4+ Kf6 51. a4 Kf5 52. Rc4 Kf6 53.
Rb4 Ke6 54. Rb6+ Ke7 55. Ra6 Kf8 56. f4 Kg7 57. f3 Ra1 58. h4 Rg1+ 59. Kh2 Ra1
60. Kg2 Ra2+ 61. Kg3 Ra1 62. f5 Rg1+ 63. Kf4 Rh1 64. fxg6 fxg6 65. Kg3 Rg1+ 66.
Kh2 Ra1 67. Kg2 Kf7 68. Kg3 Kg7 69. a5 Ra4 70. Ra7+ Kf6 71. Ra8 Kf7 72. a6 Kg7
73. a7 Kh7 74. f4 Ra3+ 75. Kf2 Kg7 76. Ke2 Ra2+ 77. Kd3 Ra3+ 78. Kc4 Ra4+ 79.
Kc5 Ra1 80. Kb4 Ra2 81. Kc3 Ra3+ 82. Kd4 Ra4+ 83. Kd5 Ra1 84. f5 gxf5 85. Ke5
f4 86. Kxf4 Ra4+ 87. Kf5 Ra5+ 88. Ke4 Ra4+ 89. Kd5 Ra1 90. Kc4 Ra2 91. Kd3 Ra1
92. Ke4 Ra4+ 93. Kf5 Ra5+ 94. Ke6 Ra6+ 95. Ke5 Ra5+ 96. Kd6 Ra1 97. Re8 Rxa7
98. Re7+ Rxe7 99. Kxe7 Kg6 100. Ke6 Kg7 101. Kf5 Kh6 102. Kf6 Kh7 103. Kg5 Kg7
104. Kxh5 Kh7 105. Kg5 Kg7 106. h5 Kh7 107. h6 Kg8 108. Kg6 Kh8 109. h7 1/2-1/2

[Event "British Columbia op"]
[Site "Richmond CAN"]
[Date "2023.02.20"]
[Round "5.7"]
[White "Mohammed Qanee, Arpak Worya"]
[Black "Zhang, Joyce"]
[Result "1-0"]
[WhiteElo "2076"]
[BlackElo "1750"]
[PlyCount "115"]
[EventDate "2023.02.18"]
[EventType "swiss"]
[EventRounds "6"]
[EventCountry "CAN"]

1. e4 c5 2. Nf3 d6 3. d4 cxd4 4. Nxd4 Nf6 5. Nc3 a6 6. h3 e5 7. Nb3 Be6 8. Bg5
Be7 9. g3 Nbd7 10. Bg2 Qc7 11. O-O h6 12. Be3 b5 13. a3 Nb6 14. Nd5 Bxd5 15.
Bxb6 Qxb6 16. exd5 O-O 17. Qd2 a5 18. a4 b4 19. Rfe1 Rfe8 20. Bf1 Nd7 21. Bb5
Bg5 22. Qd3 Qa7 23. Bc6 Rab8 24. Qf5 Red8 25. h4 g6 26. Qh3 Nc5 27. hxg5 hxg5
28. Qh6 Nxb3 29. cxb3 Qd4 30. Kg2 Qxb2 31. Rab1 Qd4 32. Rbd1 Qb2 33. Re3 e4 34.
Rh1 Qe5 35. Qh7+ Kf8 36. Qh8+ Qxh8 37. Rxh8+ Kg7 38. Rxd8 Rxd8 39. Rxe4 Kf6 40.
Kf3 Rh8 41. Bb5 Rc8 42. Bc4 Rh8 43. Re1 Ra8 44. Kg4 Rb8 45. Re3 Rh8 46. Rf3+
Kg7 47. Kxg5 Rh5+ 48. Kf4 Re5 49. g4 g5+ 50. Kg3 Re1 51. Rf5 f6 52. Rf3 Rg1+
53. Kh3 Rh1+ 54. Kg2 Rh4 55. Kg3 Rh1 56. Re3 Kf7 57. Re6 Rg1+ 58. Kf3 1-0

[Event "British Columbia op"]
[Site "Richmond CAN"]
[Date "2023.02.20"]
[Round "5.8"]
[White "Doknjas, Neil"]
[Black "Leong, Aiden"]
[Result "1-0"]
[WhiteElo "2239"]
[BlackElo "2013"]
[PlyCount "83"]
[EventDate "2023.02.18"]
[EventType "swiss"]
[EventRounds "6"]
[EventCountry "CAN"]

1. e4 c6 2. Nf3 d5 3. d3 Bg4 4. h3 Bxf3 5. Qxf3 e6 6. g3 Nf6 7. Bg2 dxe4 8.
dxe4 e5 9. O-O Be7 10. a4 O-O 11. Na3 Nbd7 12. Qe2 Qc7 13. b3 Nc5 14. Bb2 Ne6
15. Nc4 Nd7 16. h4 Bf6 17. Ba3 Ndc5 18. Qe3 b6 19. a5 Rfd8 20. Bxc5 Nxc5 21.
Bh3 Rd4 22. axb6 Qe7 23. Bg2 a6 24. Qc3 Nxe4 25. Bxe4 Rxe4 26. Na5 Rg4 27. b7
Rf8 28. Qxc6 Bxh4 29. Qc8 Rb4 30. Ra4 Rxa4 31. bxa4 Qd6 32. Nc6 Bxg3 33. Qxf8+
Qxf8 34. fxg3 Qc5+ 35. Rf2 h6 36. b8=Q+ Kh7 37. Nxe5 Qd5 38. Nf3 a5 39. Qb3
Qd1+ 40. Kg2 Qa1 41. Qxf7 Qf6 42. Qxf6 1-0

[Event "British Columbia op"]
[Site "Richmond CAN"]
[Date "2023.02.20"]
[Round "5.9"]
[White "Albitar, Hani"]
[Black "Wang, Jerry"]
[Result "1-0"]
[WhiteElo "2190"]
[BlackElo "1991"]
[PlyCount "99"]
[EventDate "2023.02.18"]
[EventType "swiss"]
[EventRounds "6"]
[EventCountry "CAN"]

1. d4 Nf6 2. c4 c6 3. Nc3 d5 4. cxd5 cxd5 5. Bf4 Qb6 6. e3 e6 7. a3 Bd7 8. Rb1
Be7 9. Bd3 O-O 10. Nf3 Bc6 11. h3 Nbd7 12. O-O Ne4 13. Qc2 f5 14. Rfc1 a5 15.
Qd1 a4 16. Qe2 Nxc3 17. Rxc3 Bf6 18. Kh1 Kh8 19. Rg1 Rae8 20. Bb1 e5 21. dxe5
Nxe5 22. Nxe5 Bxe5 23. Bxe5 Rxe5 24. Qd2 Re6 25. Rd3 Qc7 26. Rd4 Ref6 27. Ba2
f4 28. Bxd5 Bxd5 29. Rxd5 fxe3 30. fxe3 Qg3 31. Rd8 h6 32. Rxf8+ Rxf8 33. Qb4
Rf2 34. Qxb7 Qxe3 35. Qa8+ Kh7 36. Qxa4 Rxb2 37. Ra1 Qe5 38. Qd1 Qe4 39. Qg4
Qe5 40. Rf1 Ra2 41. a4 Ra3 42. Qb4 Rg3 43. Qb1+ Rg6 44. Rf3 Qd6 45. a5 Kg8 46.
Rb3 Qc6 47. Rb8+ Kh7 48. Rb2 Kg8 49. Ra2 Rg3 50. Qb8+ 1-0

[Event "British Columbia op"]
[Site "Richmond CAN"]
[Date "2023.02.20"]
[Round "5.10"]
[White "Bacon, Craig"]
[Black "Liu, Zachary"]
[Result "0-1"]
[WhiteElo "1817"]
[BlackElo "2155"]
[PlyCount "74"]
[EventDate "2023.02.18"]
[EventType "swiss"]
[EventRounds "6"]
[EventCountry "CAN"]

1. e4 c5 2. c3 d5 3. exd5 Nf6 4. c4 e6 5. dxe6 Bxe6 6. Nf3 Nc6 7. Be2 Be7 8.
O-O O-O 9. d3 Qc7 10. Nc3 Rad8 11. Qa4 a6 12. Bg5 Rfe8 13. Rad1 Bd7 14. Qb3 Bg4
15. Bxf6 Bxf6 16. Nd5 Qd6 17. Nxf6+ Qxf6 18. Rde1 Rxe2 19. Rxe2 Bxf3 20. gxf3
Nd4 21. Qd1 Qg6+ 22. Kh1 Nxe2 23. Qxe2 Qxd3 24. Re1 Qxe2 25. Rxe2 Kf8 26. Kg2
g6 27. Kg3 Rd4 28. b3 h5 29. h4 a5 30. Kh3 a4 31. Kg3 a3 32. Kh3 Rd1 33. Re5 b6
34. b4 cxb4 35. Rb5 Rb1 36. Rxb6 b3 37. axb3 a2 0-1

[Event "British Columbia op"]
[Site "Richmond CAN"]
[Date "2023.02.20"]
[Round "6.2"]
[White "Fuentebella, Mayo"]
[Black "Mohammed Qanee, Arpak Worya"]
[Result "1-0"]
[WhiteElo "2261"]
[BlackElo "2076"]
[PlyCount "115"]
[EventDate "2023.02.18"]
[EventType "swiss"]
[EventRounds "6"]
[EventCountry "CAN"]

1. c4 e5 2. Nc3 Nf6 3. Nf3 Nc6 4. e4 Bc5 5. Nxe5 Nxe5 6. d4 Bb4 7. dxe5 Nxe4 8.
Qd4 Nxc3 9. bxc3 Be7 10. Bf4 O-O 11. Bd3 d6 12. Rd1 dxe5 13. Bxe5 Qxd4 14. cxd4
Bb4+ 15. Kf1 c6 16. d5 Re8 17. Bf4 cxd5 18. cxd5 Bd7 19. f3 Bc5 20. g4 Ba4 21.
Rb1 b6 22. Kg2 Rad8 23. Be4 Bc2 24. Rbe1 Bb4 25. Re2 Bxe4 26. Rxe4 Rxe4 27.
fxe4 f6 28. Rc1 Bc5 29. Kf3 Kf7 30. h4 g6 31. Be3 Bd6 32. Rc6 Rd7 33. Bd4 Be7
34. h5 f5 35. hxg6+ hxg6 36. Be5 fxe4+ 37. Kxe4 Bh4 38. Rc8 Bd8 39. Rc1 Ke8 40.
d6 Rf7 41. Kd5 Kd7 42. Rh1 b5 43. Rh8 a5 44. Rg8 g5 45. Rh8 b4 46. Rh2 Bb6 47.
Rh3 Bd8 48. a3 Bb6 49. axb4 axb4 50. Bb2 Bf2 51. Rh8 Ba7 52. Ra8 Be3 53. Rb8
Rf2 54. Rb7+ Kc8 55. Rxb4 Rd2+ 56. Ke6 Bc5 57. Rc4 Re2+ 58. Be5 1-0

[Event "British Columbia op"]
[Site "Richmond CAN"]
[Date "2023.02.20"]
[Round "6.3"]
[White "Le, Quang Long"]
[Black "Albitar, Hani"]
[Result "1-0"]
[WhiteElo "2463"]
[BlackElo "2190"]
[PlyCount "83"]
[EventDate "2023.02.18"]
[EventType "swiss"]
[EventRounds "6"]
[EventCountry "CAN"]

1. Nf3 d5 2. g3 Nf6 3. Bg2 c5 4. O-O e6 5. c4 d4 6. b4 cxb4 7. a3 Nc6 8. d3 a5
9. axb4 Bxb4 10. Ba3 O-O 11. Bxb4 Nxb4 12. Na3 Re8 13. Nb5 e5 14. c5 Nfd5 15.
Qd2 b6 16. cxb6 Qxb6 17. Na3 Ba6 18. Qb2 Nc3 19. Nxe5 Rxe5 20. Bxa8 Nxe2+ 21.
Kh1 Bxd3 22. Rad1 Qa6 23. Bg2 Nc3 24. Rfe1 Nxd1 25. Rxe5 f6 26. Qb3+ Kf8 27.
Re6 Qc8 28. Kg1 Qc1 29. Re1 Qc3 30. Qxd1 Qxa3 31. Qh5 Qa4 32. Qc5+ Kf7 33. Qa7+
Kg6 34. Qxd4 Qc2 35. Qg4+ Kh6 36. Qf4+ Kg6 37. Bf3 Qc5 38. Qg4+ Kf7 39. Qd7+
Kg6 40. Kg2 Bf5 41. Qe8+ Kh6 42. Qh5# 1-0

[Event "British Columbia op"]
[Site "Richmond CAN"]
[Date "2023.02.20"]
[Round "6.4"]
[White "He, Matthew"]
[Black "Doknjas, John"]
[Result "1/2-1/2"]
[WhiteElo "1853"]
[BlackElo "2341"]
[PlyCount "81"]
[EventDate "2023.02.18"]
[EventType "swiss"]
[EventRounds "6"]
[EventCountry "CAN"]

1. d4 Nf6 2. c4 e6 3. Nc3 c5 4. d5 exd5 5. cxd5 d6 6. Nf3 g6 7. e4 Bg7 8. h3
O-O 9. Bd3 Re8 10. O-O Nbd7 11. Bf4 c4 12. Bc2 b5 13. Bxd6 Qb6 14. e5 Nh5 15.
Re1 Bb7 16. g4 Nf4 17. Qd2 Nd3 18. Bxd3 cxd3 19. Qxd3 b4 20. Nd1 f6 21. Ne3
fxe5 22. Nc4 Qb5 23. Rad1 Rad8 24. Bc7 Nc5 25. Qc2 Bxd5 26. Bxd8 Bxc4 27. Rc1
Nd3 28. Qxc4+ Qxc4 29. Rxc4 Nxe1 30. Nxe1 Rxd8 31. Rxb4 e4 32. Kf1 Rd2 33. Rxe4
Rxb2 34. Ra4 Bc3 35. Ra3 Bd4 36. Nd3 Rc2 37. Kg2 Kg7 38. Kf3 Bb6 39. h4 Rc4 40.
Nf4 Rc2 41. Nd3 1/2-1/2

[Event "British Columbia op"]
[Site "Richmond CAN"]
[Date "2023.02.20"]
[Round "6.5"]
[White "Liu, Zachary"]
[Black "Lin, Leo"]
[Result "1/2-1/2"]
[WhiteElo "2155"]
[BlackElo "2245"]
[PlyCount "100"]
[EventDate "2023.02.18"]
[EventType "swiss"]
[EventRounds "6"]
[EventCountry "CAN"]

1. e4 Nf6 2. Nc3 d5 3. exd5 Nxd5 4. Nf3 g6 5. Bc4 Nb6 6. Bb3 Bg7 7. d4 O-O 8.
h3 a5 9. a4 Nc6 10. Be3 Bf5 11. O-O Qd7 12. Ne2 Rad8 13. Qe1 Nb4 14. Qd2 Be6
15. Bxe6 Qxe6 16. Nf4 Qc6 17. c3 N4d5 18. Nxd5 Qxd5 19. Qe2 Rfe8 20. Qb5 Qxb5
21. axb5 Nc4 22. Bf4 b6 23. b3 Nd6 24. c4 Rc8 25. Ra2 Nf5 26. Rd1 Nxd4 27. Nxd4
e5 28. Be3 exd4 29. Bxd4 Bf8 30. Be3 Bb4 31. Raa1 f5 32. g3 Re7 33. Rd5 Rce8
34. Rad1 h5 35. h4 Ba3 36. Rd7 Bd6 37. R7xd6 cxd6 38. Rxd6 Re6 39. Rxb6 Rxb6
40. Bxb6 Re1+ 41. Kg2 Rb1 42. Bxa5 Rxb3 43. Bc7 Kf7 44. b6 Ke6 45. c5 Kd5 46.
Bd6 Kc6 47. Kh2 Rd3 48. Kg2 Rd4 49. Kh3 Rd2 50. Kg2 Rd3 1/2-1/2